| 000 | 00681nam a22002297a 4500 | ||
|---|---|---|---|
| 005 | 20170124105939.0 | ||
| 010 | _a474476 | ||
| 020 | _c00.00 | ||
| 035 | _a474476 | ||
| 037 | _bCen Lib/Ret | ||
| 040 |
_aDPL _bEN |
||
| 082 |
_a309.1 _bKHU |
||
| 100 |
_aKhusro, A. M. _910675 |
||
| 245 |
_aA survey of living and working conditions of students of the university of Delhi / _cby A. M. Khusro |
||
| 260 |
_aBombay _bAsia Publishing House _c1967 |
||
| 270 | _bBombay | ||
| 300 |
_avii,183p. _c20cm(Hb) |
||
| 500 | _aIncludes index | ||
| 650 |
_aMethodology -- Objectives _973861 |
||
| 650 |
_aIncome and Expenditure _910677 |
||
| 942 |
_2ddc _cEN _h309.1 _mKHU |
||
| 999 |
_c124410 _d124410 |
||